LEADER 01018cam0-2200325---450- 001 990004372650403321 005 20110606152956.0 010 $a88-495-0419-5 035 $a000437265 035 $aFED01000437265 035 $a(Aleph)000437265FED01 035 $a000437265 100 $a19990604d2002----km-y0itay50------ba 101 0 $aita 102 $aIT 105 $aa-------001yy 200 1 $aStrategie politiche ed estetica teatrale da Elisabetta I a Giacomo I$fAnna Maria Cataldi Palombi 210 $aNapoli$cEdizioni scientifiche italiane$d2002 215 $a240 p.$cill.$d21 cm 225 1 $aLetterature straniere$v9 610 0 $aTeatro$aInghilterra$aSec. 16.-17. 676 $a792.0942 700 1$aPalombi Cataldi,$bAnna Maria$0168247 801 0$aIT$bUNINA$gRICA$2UNIMARC 901 $aBK 912 $a990004372650403321 952 $a792.094 PAL 1$b11615 DFM$fFLFBC 959 $aFLFBC 996 $aStrategie politiche ed estetica teatrale da Elisabetta I a Giacomo I$9540748 997 $aUNINA LEADER 01123nlm0 22003371i 450 001 990009882280403321 005 20140714100815.0 010 $a9781845936556 035 $a000988228 035 $aFED01000988228 035 $a(Aleph)000988228FED01 035 $a000988228 100 $a20140714d2010----km-y0itay0103----ba 101 0 $aeng 135 $adrnn-008mamaa 200 1 $aVeterinary treatment for working equines$bRisorsa elettronica$fby Graham R. Duncanson 210 $aCambridge, Mass.$cCABI$cOvid [distributor]$d2010 230 $aDocumento elettronico 336 $aTesto 337 $aFormato pdf 676 $a636.1089 700 1$aDuncanson,$bGraham R.$0523433 801 3$aIT$bUNINA$gREICAT$2UNIMARC 856 4 $zFull text per gli utenti Federico II$uhttp://ovidsp.ovid.com/ovidweb.cgi?T=JS&PAGE=booktext&NEWS=N&DF=bookdb&AN=01437478/1st_Edition&XPATH=/PG(0) 901 $aEB 912 $a990009882280403321 961 $aHorses$aDiseases$aTreatment 961 $aHorses$aHealth 961 $aVeterinary medicine 996 $aVeterinary treatment for working equines$9829782 997 $aUNINA LEADER 01528nam a22003131i 4500 001 991003051789707536 005 20040615141216.0 008 040624s1978 it |||||||||||||||||ita 035 $ab13016945-39ule_inst 035 $aARCHE-097462$9ExL 040 $aDip.to Beni Culturali$bita$cA.t.i. Arché s.c.r.l. Pandora Sicilia s.r.l. 082 04$a709.45 100 1 $aBertaux, Émile$0438737 245 12$aL'art dans l'Italie méridionale :$baggiornamento dell'opera di Émile Bertaux sotto la direzione di Adriano Prandi 260 $aRome :$bÉcole française de Rome,$c1978 300 $av. ;$c32 cm 500 $aIn testa al front.: École française de Rome, Università di Bari 650 4$aPatrimonio artistico$zItalia meridionale 700 1 $aPrandi, Adriano 710 2 $aÉcole française 907 $a.b13016945$b02-04-14$c12-07-04 912 $a991003051789707536 945 $aLE001 AR XI 1$g1$i2001000131693$lle001$nV. 4. - C. 1$o-$pE0.00$q-$rl$s- $t0$u0$v0$w0$x0$y.i13629529$z12-07-04 945 $aLE001 AR X 1-1a$g1$i2001000131679$lle001$nV. 5. - C. 1$o-$pE0.00$q-$rl$s- $t0$u0$v0$w0$x0$y.i13629530$z12-07-04 945 $aLE001 AR XI 1b$g1$i2001000132003$lle001$nV. 6. - C. 1$o-$pE0.00$q-$rl$s- $t0$u0$v0$w0$x0$y.i13629542$z12-07-04 945 $aLE001 AR XI 1c$g1$i2001000131976$lle001$nV. 7. - C. 1$o-$pE0.00$q-$rl$s- $t0$u0$v0$w0$x0$y.i13629554$z12-07-04 996 $aArt dans l'Italie méridionale$9209794 997 $aUNISALENTO 998 $ale001$b12-07-04$cm$da $e-$fita$git $h2$i4